Statická analýza výškovej stavby

Salvato in:
Dettagli Bibliografici
Autore principale: Brlážová, Monika (Autore)
Altri autori: Ivánková, Oľga (Relatore della tesi)
Natura: Manoscritto Libro
Lingua:slovacco
Pubblicazione: 2015
Soggetti:
Accesso online:http://is.stuba.sk/zp/portal_zp.pl?podrobnosti=99835
https://opac.crzp.sk/?fn=detailBiblioForm&sid=A1BE4CBC10A6410E28D4728DE444
Tags: Aggiungi Tag
Nessun Tag, puoi essere il primo ad aggiungerne!!

MARC

LEADER 00000ntm a22000003a 4500
001 stuzp51984
003 SK-STU
005 20230816094121.8
007 ta
008 150427s2015----xo-----f-mn---000-0-slo-d
040 |a STU  |b slo 
041 0 |a slo 
100 1 |a Brlážová, Monika  |u 010250  |4 aut  |U SvF Stavebná fakulta  |T SvF Katedra stavebnej mechaniky  |X 55577  |U V250  |Y 26  |7 55577 
242 0 1 |a Static analysis of high-rise building  |y eng 
245 1 0 |a Statická analýza výškovej stavby 
260 |c 2015 
650 4 |a stužujúce steny  |2 slo 
650 4 |a statická analýza  |2 slo 
650 4 |a výšková budova  |2 slo 
650 4 |a deformácie  |2 slo 
650 4 |a zaťaženie vetrom  |2 slo 
650 4 |a static analysis  |2 eng 
650 4 |a shear walls  |2 eng 
650 4 |a deformations  |2 eng 
650 4 |a wind load  |2 eng 
650 4 |a high-rise building  |2 eng 
700 1 |a Ivánková, Oľga  |4 ths  |X 2736  |7 A000002736 
856 4 |u http://is.stuba.sk/zp/portal_zp.pl?podrobnosti=99835 
856 4 |u https://opac.crzp.sk/?fn=detailBiblioForm&sid=A1BE4CBC10A6410E28D4728DE444 
SQL |a stuzp51984  |b DBP  |c SLO  |d Statická analýza výškovej stavby  |e 55577  |f Brlážová, Monika  |g 010250  |h 2736  |i Ivánková, Oľga  |j 20150624  |k 1  |l 01  |m http://is.stuba.sk/zp/portal_zp.pl?podrobnosti=99835  |n B-IKD  |o 5.1.5. inžinierske konštrukcie a dopravné stavby